banner-ar

CENTRAL ASIA SINCE INDEPENDENCE / (Record no. 9282)

MARC details
000 -الفاتح
حقل البيانات ثابتة الطول 00521nam a2200181Ia 4500
008 - عناصر البيانات ثابتة الطول - معلومات عامة
حقل البيانات ثابتة الطول 140319s9999 xx 000 0 eng d
020 ## - الرقم الدولى المعيارى للكتب
الرقم الدولى المعيارى للكتاب 0275955397
040 ## - مصدر الفهرسة
وكالة الفهرسة الأصلية GCL /
وكالة النسخ GCL
082 04 - رقم تصنيف ديوى العشرى
رقم التصنيف 958
رقم المادة H C
100 1# - المدخل الرئيسى - إسم شخصى
الإسم الشخصى HUNTER, SHIREEN T.
245 10 - بيان العنوان
العنوان CENTRAL ASIA SINCE INDEPENDENCE /
بيان المسئوليه,etc HUNTER, SHIREEN T.
700 1# - المدخل الاضافى - اسم شخصى
الإسم الشخصى BROXUP, MARIE BENNIGSEN
260 ## - PUBLICATION, DISTRIBUTION, ETC. (IMPRINT)
تاريخ النشر أو التوزيع 1996
300 ## - الوصف المادى
التعداد 24 CM ؛
أبعاد الوعاء XX,220 P
650 04 - المدخل الاضافى بالموضوع-مصطلح موضوعى
مصطلح موضوعي ASIA, CENTRAL - HISTORY - 1991 -
942 ## - عناصر المدخل الإضافي( كوها)
مصدر التصنيف او مخطط الترفيف Dewey Decimal Classification
Koha [default] item type كتاب
260 ## - PUBLICATION, DISTRIBUTION, ETC. (IMPRINT)
-- نيويورك :
-- PRAEGER PUBLISHERS ،
Holdings
حالة التراجع حالة الفقد حالة تلف ليس للاعارة المكان المؤقت الموقع الحالى تاريخ الاكتساب اجمالي اﻻعارات رقم الطلب الباركود تاريخ اخر مشاهدة تاريخ تفعيل السعر نوع وعاء كوها
        مكتبة القاهرة الكبرى مكتبة القاهرة الكبرى 03/26/2014   958\H C 19399 03/26/2014 03/26/2014 كتاب
        مكتبة القاهرة الكبرى مكتبة القاهرة الكبرى 03/26/2014   958\H C 19400 03/26/2014 03/26/2014 كتاب

Powered By

EGPV